[Event "Mumbai Transganization op"]
[Site "Mumbai"]
[Date "2024.01.26"]
[Round "4"]
[White "Kush, Ajay Agarwal"]
[Black "Bartakke, Aditya"]
[Result "1/2-1/2"]
[WhiteElo "1458"]
[BlackElo "1739"]
[PlyCount "39"]
[EventDate "2024.01.25"]
[EventType "swiss"]
[EventRounds "8"]
[EventCountry "IND"]
[SourceTitle "CB06_2024"]
[SourceDate "2024.02.07"]
[SourceVersion "1"]
[SourceVersionDate "2024.02.07"]
[SourceQuality "1"]

1. e4 c5 2. Nf3 d6 3. d4 cxd4 4. Nxd4 Nf6 5. Nc3 a6 6. Bg5 e6 7. f4 Be7 8. Qf3 Nbd7 9. g4 Qc7 10. h4 b5 11. Bxf6 Bxf6 12. 0-0-0 Rb8 13. Bxb5 0-0 14. Bxd7 Bxd7 15. g5 Bxd4 16. Rxd4 Qb6 17. Qd3 Qxb2+ 18. Kd2 Bb5 19. Rb1 Qa3 20. Nxb5 1/2-1/2